Animated TV by Setting (Clickable) Quiz Stats

 Plays Quiz not verified by Sporcle

Challenge
Share
Tweet
Score 0/32 Timer 07:00
0 Plays Today
% Correct
Spongebob Squarepants
89.8%
The Flintstones
85%
Teenage Mutant Ninja Turtles
85%
The Simpsons
84.6%
Futurama
80.5%
Kim Possible
80.2%
Family Guy
76.8%
The Fairly OddParents
76.1%
Hey Arnold!
75.8%
Dexter's Laboratory
75.1%
My Life as a Teenage Robot
73.7%
The Proud Family
72%
The Powerpuff Girls
71.7%
Ed, Edd, n Eddy
71.7%
Phineas and Ferb
71.7%
The Wild Thornberrys
71.3%
% Correct
Bob's Burgers
69.6%
Recess
68.6%
Danny Phantom
68.3%
American Dad!
67.2%
The Adventures of Jimmy Neutron: Boy Genius
67.2%
Rugrats
65.9%
South Park
65.9%
King of the Hill
65.5%
Scooby-Doo
65.5%
Rocko's Modern Life
65.2%
Doug
64.5%
Adventure Time
64.2%
The Jetsons
63.8%
Ben 10
61.8%
CatDog
60.8%
Beavis and Butthead
43.3%

You're not logged in!

Compare scores with friends on all Sporcle quizzes.
Join for Free
OR
Log In

You Might Also Like...

Show Comments

Extras

Top Quizzes Today


Score Distribution

Your Account Isn't Verified!

In order to create a playlist on Sporcle, you need to verify the email address you used during registration. Go to your Sporcle Settings to finish the process.

Report this User

Report this user for behavior that violates our Community Guidelines.

Details: